Zlepšenie úrovne manažérstva reklamácií

Enregistré dans:
Détails bibliographiques
Auteur principal: Majáková, Monika, 1988- (Auteur)
Autres auteurs: Šalgovičová, Jarmila, 1950- (Directeur de thèse)
Format: Manuscrit Livre
Langue:slovaque
Publié: Trnava : STU v Bratislave MTF UMAT, 2013
Sujets:
Accès en ligne:VAIS
Tags: Ajouter un tag
Pas de tags, Soyez le premier à ajouter un tag!

MARC

LEADER 00000ntm a22000003a 4500
001 stu268273
005 20160719160726.3
008 130613s2013----xo------------------slo-d
040 |a STU  |b slo 
041 0 |a slo 
044 |a xo 
100 1 |a Majáková, Monika,  |d 1988-  |4 aut  |X 56821  |7 A000056821 
242 0 0 |a Improving the level management of complaints   |y eng 
245 1 |a Zlepšenie úrovne manažérstva reklamácií  
260 |a Trnava :  |b STU v Bratislave MTF UMAT,  |c 2013 
650 7 |a Engineering of Production Quality  |2 estusub 
650 7 |a manažérstvo kvality  |2 stusub 
650 7 |a reklamácia  |2 stusub 
700 1 |a Šalgovičová, Jarmila,  |d 1950-  |4 ths  |u M4000  |U MTF Materiálovotechnologická fakulta  |T MTF Ústav priemyselného inžinierstva a manažmentu  |X 1492  |U M4000  |Y 84  |7 A000001492 
856 4 |a info a plný text  |u http://is.stuba.sk/zp/portal_zp.pl?podrobnosti=90350  |3 VAIS 
996 |c M*DP-11232  |l MMSKP  |s P  |a 0  |w stu268273_0001